000 00402nam a22001097a 4500
082 _a900
100 _aपोल,प्रशांत
_982062
245 _aविनाशपर्व अंग्रेजों का भारत पर राज
260 _a दिल्‍ली
_b सत्‍साहित्‍य प्रकाशन
_c2025
650 _aइतिहास
942 _cBK
999 _c68877
_d68877